| 000 | 00665nam a2200229 a 4500 | ||
|---|---|---|---|
| 005 | 20210219153111.0 | ||
| 008 | 991125s1985 mx 000 0 spa u | ||
| 035 | _aUPN01000078030 | ||
| 100 | 1 | _aLamborn, Susie D | |
| 222 | _aCHILD DEVELOPMENT | ||
| 245 | _aEthnicity and community contextos moderators of the relations between family decision making and adolescent adjustment | ||
| 260 | _aEstados Unidos | ||
| 300 | _a283-301 | ||
| 362 | 0 | _a1996 Vol. 67, no. 2, apr. | |
| 653 | 0 | _aADOLESCENCIA | |
| 653 | 0 | _aFAMILIA | |
| 653 | 0 | _aINFLUENCIA SOCIAL | |
| 653 | 0 | _aADAPTACION SOCIAL | |
| 904 |
_aAC _b015841 |
||
| 905 | _aArticulo | ||
| 905 | _aArticulo | ||
| 999 |
_c68441 _d68441 |
||